| 000 | 01864nas a2200277Ia 4500 | ||
|---|---|---|---|
| 001 | R262-R5454 | ||
| 003 | IT-CnALBA | ||
| 008 | 170116c99999999xx |||||||||||| ||und|| | ||
| 040 |
_aIT-CnALBA _cIT-CnALBA |
||
| 041 | _aLATINO | ||
| 100 | _aPIO XII, PAPA PACELLI EUGENIO. | ||
| 210 | _aACTA APOSTOLICAE SEDIS | ||
| 222 | _aACTA APOSTOLICAE SEDIS | ||
| 245 | 0 | _aACTA APOSTOLICAE SEDIS. GENNAIO-DICEMBRE 1945. COMMENTARIUM OFFICIALE. | |
| 250 | _a1a ed. | ||
| 260 |
_a ROMAE _bTYPIS POLIGLOTTIS VATICANIS. _c1945 [1° Ed.:1945 - Ed.Ling.Originale: 1945] |
||
| 300 | _a366 p. | ||
| 310 | _aMENSILE/VARIABILE | ||
| 362 | _aFascicolo: 1-13 / Anno: 37 (1945) | ||
| 500 | _aINDICE GENERALE ATTI DEL PAPA. DELLE CONGREGAZIONI ROMANE. DEI TRIBUNALI. DEGLI UFFICI. APPENDICE, VICARIATO DI ROMA. DIARIO DELLA CURIA ROMANA. ATTI IN ORDINE CRONOLOGICO. NOMI DI PERSONA. DIOCESI E VICARIATI. NOMI DEGLI ISTITUTI RELIGIOSI. ANALITICO COSE NOTEVOLI. COSTITUZIONI APOSTOLICHE. LETTERE APOSTOLICHE. EPISTOLE. MOTU PROPRIO. ALLOCUZIONI. ANNUNZI RADIOFONICI. DISCORSO. ISTRUZIONE PASTORALE. SCOMUNICA DEL SACERDOTE TULLIO CALCAGNO. UFFICIO MESSA DEL CUORE IMACOLATO DI MARIA. | ||
| 501 | _aSocietà San Paolo EM - Piazza San Paolo, 14 - 12051 ALBA (CN) (non commercial uses only) ® Copyright 2017 | ||
| 520 | _aINDICE GENERALE ATTI DEL PAPA. DELLE CONGREGAZIONI ROMANE. DEI TRIBUNALI. DEGLI UFFICI. APPENDICE, VICARIATO DI ROMA. DIARIO DELLA CURIA ROMANA. ATTI IN ORDINE CRONOLOGICO. NOMI DI PERSONA. DIOCESI E VICARIATI. NOMI DEGLI ISTITUTI RELIGIOSI. ANALITICO COSE NOTEVOLI. COSTITUZIONI APOSTOLICHE. LETTERE APOSTOLICHE. EPISTOLE. MOTU PROPRIO. ALLOCUZIONI. ANNUNZI RADIOFONICI. DISCORSO. ISTRUZIONE PASTORALE. SCOMUNICA DEL SACERDOTE TULLIO CALCAGNO. UFFICIO MESSA DEL CUORE IMACOLATO DI MARIA. | ||
| 650 | _aECCLESIOLOGIA | ||
| 942 | _cCR | ||
| 957 | _71 | ||
| 999 |
_a49411 _bSI _g1 _c323901 _d323901 |
||